[Event "2nd Gideon Japhet Mem Op"]
[Site "Jerusalem ISR"]
[Date "2014.07.21"]
[Round "5.12"]
[White "Kerner, Michael"]
[Black "Gukhvat, Peter"]
[Result "1-0"]
[WhiteElo "2034"]
[BlackElo "2255"]
[WhiteFideId "2814064"]
[BlackFideId "2805090"]
[EventDate "2014.07.16"]

1. e4 c5 2. Nf3 Nc6 3. Bb5 g6 4. O-O Bg7 5. c3 e5 6. d4 cxd4 7. cxd4 exd4 8. Bf4
Nge7 9. Bd6 Qb6 10. Na3 a6 11. Bd3 O-O 12. Nc4 Qd8 13. a4 Re8 14. a5 b5 15. axb6
Bb7 16. Bc7 1-0

[Event "2nd Gideon Japhet Mem Op"]
[Site "Jerusalem ISR"]
[Date "2014.07.21"]
[Round "5.13"]
[White "Zisman, Philip"]
[Black "Slonimskij, Arkadij"]
[Result "1-0"]
[WhiteElo "2232"]
[BlackElo "2207"]
[WhiteFideId "2805197"]
[BlackFideId "4113420"]
[EventDate "2014.07.16"]

1. d4 Nf6 2. Bg5 e6 3. e4 d5 4. e5 h6 5. Be3 Nfd7 6. f4 c5 7. c3 Nc6 8. Nf3 cxd4
9. cxd4 Bb4+ 10. Nbd2 Qb6 11. Bd3 Bxd2+ 12. Qxd2 Qb4 13. Rc1 Qxd2+ 14. Nxd2 f5
15. Kf2 Nb6 16. Nb3 Nb4 17. Be2 Nxa2 18. Rc7 O-O 19. Bd2 a5 20. Nxa5 Nd7 21. Ra1
b6 22. Nc6 1-0

[Event "2nd Gideon Japhet Mem Op"]
[Site "Jerusalem ISR"]
[Date "2014.07.21"]
[Round "5.14"]
[White "Erenberg, Ariel"]
[Black "Bakalchuk, Johnatan"]
[Result "1/2-1/2"]
[WhiteElo "2131"]
[BlackElo "2273"]
[WhiteFideId "2811634"]
[BlackFideId "2810301"]
[EventDate "2014.07.16"]

1. Nf3 Nf6 2. c4 g6 3. Nc3 Bg7 4. e4 c5 5. d4 cxd4 6. Nxd4 O-O 7. Be3 Nc6 8. Be2
b6 9. O-O Bb7 10. f3 e6 11. Ndb5 d5 12. cxd5 exd5 13. exd5 Ne7 14. d6 Nf5 15.
Bf2 Ne8 16. d7 Nf6 17. g4 Ne7 18. Bh4 a6 19. Nd6 Qxd7 20. Nde4 Qe6 21. Qb3 Nxe4
22. Qxe6 fxe6 23. Nxe4 Nd5 24. Rab1 Ne3 25. Rfc1 Nxg4 26. Rc7 Bd5 27. h3 Ne5 28.
Rf1 Nc6 29. b3 Nd4 30. Bd1 Rf7 31. Rxf7 Kxf7 32. Re1 h6 33. Bf2 Ke7 34. Kg2 Rc8
35. Re3 Bb7 36. Rd3 e5 37. Bh4+ g5 38. Be1 Ke6 39. Bc3 a5 40. Bb2 b5 41. Re3 Nf5
42. Rd3 b4 43. Kf2 Bf8 44. Rd2 Bc5+ 45. Nxc5+ Rxc5 46. Be2 Bd5 47. Bd1 Bb7 48.
Be2 Nd6 49. Bd3 e4 50. fxe4 Bxe4 51. Re2 Kd5 52. Ke3 Nf5+ 53. Kd2 Bxd3 54. Kxd3
Kd6 55. Re8 Kd7 56. Ra8 Nd6 57. Rh8 Rd5+ 58. Ke3 Nf7 59. Ra8 Nd6 60. Rh8 Nf7 61.
Ra8 Nd8 62. Ra7+ Ke6 63. Ra6+ Rd6 64. Rxa5 Nc6 65. Ra8 Kd5 66. Re8 Kc5 67. Bg7
Rg6 68. Bf8+ Kb5 69. Re4 h5 70. a3 1/2-1/2

[Event "2nd Gideon Japhet Mem Op"]
[Site "Jerusalem ISR"]
[Date "2014.07.21"]
[Round "5.15"]
[White "Gamayev, Oleg"]
[Black "Gal, Moshe"]
[Result "1-0"]
[WhiteElo "2181"]
[BlackElo "2192"]
[WhiteFideId "2802813"]
[BlackFideId "2815630"]
[EventDate "2014.07.16"]

1. d3 g6 2. e4 Bg7 3. Nf3 c5 4. Be2 Nc6 5. O-O d6 6. c3 Rb8 7. a4 a6 8. Qc2 e6
9. Rd1 Nge7 10. Be3 O-O 11. d4 cxd4 12. Nxd4 Qc7 13. Qc1 d5 14. Nxc6 bxc6 15.
Bc5 a5 16. Nd2 Rd8 17. Rb1 f5 18. exf5 Nxf5 19. b4 Re8 20. Nb3 axb4 21. cxb4 e5
22. b5 cxb5 23. axb5 Bb7 24. b6 Qf7 25. Na5 e4 26. Nxb7 Qxb7 27. Rxd5 Kh8 28.
Qd1 Qf7 29. Bb5 Rec8 30. Bd7 Rxc5 31. Rxc5 Bd4 32. Rxf5 Qxd7 33. Rf4 Rxb6 34.
Rxe4 Rd6 35. Qe2 Bf6 36. g3 Kg7 37. Reb4 Re6 38. Qf3 Qd6 39. Kg2 Re7 40. Rb7
Rxb7 41. Rxb7+ Be7 42. h4 h5 43. Qe4 Kf7 44. Qxe7+ Qxe7 45. Rxe7+ Kxe7 46. Kf3
Kf7 47. Kf4 Kf6 48. f3 g5+ 49. hxg5+ Kg6 50. Ke4 Kxg5 1-0

[Event "2nd Gideon Japhet Mem Op"]
[Site "Jerusalem ISR"]
[Date "2014.07.21"]
[Round "5.16"]
[White "Bar, Aviv"]
[Black "Zlatin, Alexander"]
[Result "0-1"]
[WhiteElo "2167"]
[BlackElo "1933"]
[WhiteFideId "2806339"]
[BlackFideId "2810549"]
[EventDate "2014.07.16"]

1. e4 e5 2. Nf3 Nc6 3. Bb5 a6 4. Ba4 Nf6 5. d3 b5 6. Bb3 Bc5 7. c3 d6 8. Nbd2
Bb6 9. Nf1 Ne7 10. Ng3 Ng6 11. O-O O-O 12. h3 Bd7 13. Be3 Qc8 14. Kh2 c5 15. d4
c4 16. Bc2 Bc7 17. d5 Rb8 18. Bg5 Bd8 19. Qd2 h6 20. Be3 Kh7 21. Ng1 Bb6 22.
N1e2 Nh4 23. Bxb6 Bxh3 24. Ng1 Bxg2 25. Nf5 Nxf5 26. f3 Bxf1 27. Rxf1 Rxb6 28.
exf5 Qc5 29. Rd1 Re8 30. Qg2 Qe3 31. Nh3 Rg8 32. Rg1 Nxd5 33. Qg3 f6 34. Qg6+
Kh8 35. Rg3 Nf4 36. Nxf4 Qxf4 37. Kh3 d5 38. Qh5 Rd6 39. Rg2 e4 40. fxe4 dxe4
41. Rg3 Rd2 0-1

[Event "2nd Gideon Japhet Mem Op"]
[Site "Jerusalem ISR"]
[Date "2014.07.21"]
[Round "5.17"]
[White "Parkhov, Yair"]
[Black "Shimonovich, Yoav"]
[Result "1/2-1/2"]
[WhiteElo "1935"]
[BlackElo "2102"]
[WhiteFideId "2813408"]
[BlackFideId "2809702"]
[EventDate "2014.07.16"]

1. d4 Nf6 2. c4 g6 3. Nc3 Bg7 4. e4 d6 5. h3 O-O 6. Bg5 c5 7. d5 e6 8. Bd3 h6 9.
Bf4 Kh7 10. g4 Ne8 11. Nge2 Nd7 12. Kf1 Ne5 13. Bxe5 dxe5 14. Kg2 Nd6 15. Ng3
Qh4 16. f3 Bd7 17. a3 Rac8 18. Qe2 a6 19. Rac1 Qd8 20. h4 b5 21. h5 Kg8 22. Nf1
Qb6 23. Ne3 b4 24. dxe6 fxe6 25. Nb1 g5 26. axb4 Qxb4 27. Nc3 Be8 28. Rhd1 Nf7
29. Ra1 Ra8 30. Qc2 Nd8 31. Ne2 Nc6 32. Ra3 Qb6 33. Qc1 Ra7 34. Nf1 a5 35. Bc2
Qb4 36. Ba4 Nd4 37. Nxd4 Bxa4 38. Nxe6 Bxd1 39. Nxf8 Kxf8 40. Qxd1 Qxb2+ 41. Kg3
Qxa3 42. Qd8+ Kf7 43. Qd5+ Ke7 44. Qg8 Kd6 45. Qd5+ Ke7 46. Qg8 Kf6 47. Qe8 Rf7
48. Qc6+ Ke7 49. Qc7+ Ke8 50. Qc8+ Ke7 1/2-1/2

[Event "2nd Gideon Japhet Mem Op"]
[Site "Jerusalem ISR"]
[Date "2014.07.21"]
[Round "5.18"]
[White "Calabrese, Gabriel"]
[Black "Klar, Nir"]
[Result "1-0"]
[WhiteElo "2049"]
[BlackElo "2064"]
[WhiteFideId "2802350"]
[BlackFideId "2808471"]
[EventDate "2014.07.16"]

1. e4 c5 2. Nf3 Nc6 3. Bb5 g6 4. Bxc6 bxc6 5. O-O Bg7 6. c3 d6 7. d4 cxd4 8.
cxd4 Bg4 9. Qa4 Bxf3 10. Qxc6+ Kf8 11. gxf3 Bxd4 12. Nc3 Rb8 13. Rd1 Bg7 14. Be3
Rxb2 15. Bxa7 Rc2 16. Rd3 Rxc3 17. Rxc3 Bxc3 18. Qxc3 Nf6 19. Rc1 Kg7 20. Qc7
Nd7 21. Bd4+ f6 22. f4 Rf8 23. Kg2 Qa8 24. Qc6 Kf7 25. Qc4+ Kg7 26. Qe6 Rf7 27.
Rc7 Nf8 28. Qd5 Qxd5 29. exd5 e5 30. Bb6 Nd7 31. Ba7 Kf8 32. a4 Ke7 33. fxe5
fxe5 34. Be3 Kd8 35. Rc6 Nf6 36. Rxd6+ Kc7 37. Ra6 Kb8 38. Rb6+ Ka8 39. Rd6 Ne4
40. Re6 Nc3 41. d6 Rd7 42. a5 Ne4 43. Rxe5 Nf6 44. Re6 Nd5 45. a6 Rd8 46. Kg3
Kb8 47. Bc5 Kc8 48. Re5 Nf6 49. Re7 Kb8 50. Rb7+ Ka8 51. Ra7+ Kb8 52. Rb7+ Ka8
53. Re7 h5 54. f3 g5 55. h3 g4 56. Rf7 Ne8 57. Rf8 gxf3 58. d7 1-0

[Event "2nd Gideon Japhet Mem Op"]
[Site "Jerusalem ISR"]
[Date "2014.07.21"]
[Round "5.19"]
[White "Iskhakabeev, Alon"]
[Black "Poleg, Matan"]
[Result "1-0"]
[WhiteElo "2008"]
[BlackElo "2157"]
[WhiteFideId "2811901"]
[BlackFideId "2811472"]
[EventDate "2014.07.16"]

1. e4 c5 2. Nf3 d6 3. d4 cxd4 4. Nxd4 Nf6 5. Nc3 a6 6. Be3 e5 7. Nb3 Be6 8. f3
h5 9. Qd2 Nbd7 10. O-O-O Rc8 11. Qf2 Be7 12. Kb1 Qc7 13. Nd5 Nxd5 14. exd5 Bf5
15. Bd3 Bxd3 16. Rxd3 f5 17. Rc3 Qd8 18. Rxc8 Qxc8 19. Qe2 O-O 20. f4 e4 21. c4
Nf6 22. Nd4 b5 23. Nc6 Bd8 24. h3 Qb7 25. Rd1 g6 26. Bd4 bxc4 27. Nxd8 Rxd8 28.
Bxf6 Rc8 29. Bc3 1-0

[Event "2nd Gideon Japhet Mem Op"]
[Site "Jerusalem ISR"]
[Date "2014.07.21"]
[Round "5.20"]
[White "Hochman, Elnatan"]
[Black "Shohat, Yotam"]
[Result "0-1"]
[WhiteElo "2010"]
[BlackElo "1880"]
[WhiteFideId "2813130"]
[BlackFideId "2813955"]
[EventDate "2014.07.16"]

1. d4 Nf6 2. c4 c5 3. d5 b5 4. cxb5 a6 5. bxa6 g6 6. Nc3 Bxa6 7. e4 Bxf1 8. Kxf1
d6 9. g3 Bg7 10. Nf3 Nbd7 11. Kg2 O-O 12. a4 Ra6 13. Qe2 Qa8 14. Ra3 Rb8 15. b3
Rb4 16. Nd2 Qb7 17. f3 Ne8 18. Nb5 Nb6 19. Nb1 c4 20. a5 Rxb5 21. axb6 Raxb6 22.
Qxc4 Rb4 23. Qc2 Rxb3 24. Rxb3 Rxb3 25. Ba3 Bb2 26. Nd2 Rxa3 27. Rb1 Qa6 28.
Rxb2 Qe2+ 29. Kh3 Ra1 30. Qc8 Rh1 31. Qxe8+ Kg7 32. Kg4 h5+ 33. Kf4 Re1 34. Nc4
Qxc4 35. Kg5 Qc1+ 36. f4 Qxb2 37. Qxe7 Rxe4 38. Qxd6 f6+ 0-1

[Event "2nd Gideon Japhet Mem Op"]
[Site "Jerusalem ISR"]
[Date "2014.07.21"]
[Round "6.1"]
[White "Zanan, Evgeny"]
[Black "Reshef, Omer"]
[Result "1/2-1/2"]
[WhiteTitle "FM"]
[WhiteElo "2283"]
[BlackElo "2275"]
[WhiteFideId "24101940"]
[BlackFideId "2804336"]
[EventDate "2014.07.16"]

1. Nf3 d5 2. g3 Nf6 3. Bg2 Bg4 4. O-O Nbd7 5. d4 e6 6. Nbd2 Bd6 7. Re1 O-O 8. e4
dxe4 9. Nxe4 Nxe4 10. Rxe4 Bh5 11. c4 c6 12. Re1 Re8 13. Be3 e5 14. Qb3 Bxf3 15.
Bxf3 exd4 16. Bxd4 Qc7 17. Bg2 Nc5 18. Qc2 Ne6 19. Bc3 a5 20. a3 Bc5 21. b4 axb4
22. axb4 Rxa1 23. Rxa1 Bd4 24. Rd1 Bxc3 25. Qxc3 Rd8 26. Rxd8+ Qxd8 27. h4 g6
28. Qa3 Qd4 29. Qa8+ Kg7 30. Qxb7 Qxc4 31. Qxc6 Qxb4 1/2-1/2

[Event "2nd Gideon Japhet Mem Op"]
[Site "Jerusalem ISR"]
[Date "2014.07.21"]
[Round "6.2"]
[White "Kobo, Ori"]
[Black "Huzman, Alexander"]
[Result "1/2-1/2"]
[WhiteTitle "FM"]
[BlackTitle "GM"]
[WhiteElo "2308"]
[BlackElo "2589"]
[WhiteFideId "2812320"]
[BlackFideId "2803828"]
[EventDate "2014.07.16"]

1. d4 d5 2. c4 c6 3. Nf3 Nf6 4. Qb3 g6 5. Nc3 Bg7 6. e3 O-O 7. Be2 e6 8. O-O b6
9. Ne5 Bb7 10. cxd5 exd5 11. a4 Nbd7 12. Nxd7 Nxd7 13. Rd1 Re8 14. a5 b5 15. Bd2
a6 16. Bf3 Rc8 17. Rac1 Ba8 18. Be1 h5 19. Rc2 c5 20. Bxd5 Bxd5 21. Nxd5 cxd4
22. Rxc8 Qxc8 23. exd4 Bxd4 24. Qb4 Bc5 25. Qc3 Bf8 26. Qxc8 Rxc8 27. Bc3 Rc6
28. Kf1 Kh7 29. Nb4 Bxb4 30. Bxb4 Ne5 31. Bc3 Nc4 32. Rd7 g5 33. Rxf7+ Kg6 34.
Rb7 Kf5 35. Ke1 Ke4 36. b3 Nd6 37. Re7+ Kd3 38. Re3+ Kc2 39. Bf6 1/2-1/2

[Event "2nd Gideon Japhet Mem Op"]
[Site "Jerusalem ISR"]
[Date "2014.07.21"]
[Round "6.3"]
[White "Soffer, Ram"]
[Black "Aharon, Ofir"]
[Result "1/2-1/2"]
[WhiteTitle "GM"]
[BlackTitle "FM"]
[WhiteElo "2447"]
[BlackElo "2367"]
[WhiteFideId "2800101"]
[BlackFideId "2800683"]
[EventDate "2014.07.16"]

1. c4 g6 2. Nc3 c5 3. g3 Bg7 4. Bg2 Nc6 5. a3 Nf6 6. Rb1 O-O 7. b4 cxb4 8. axb4
a6 9. d3 b5 10. Nf3 d5 11. cxd5 Nxd5 12. Nxd5 Qxd5 13. O-O Bb7 14. Nd2 Qh5 15.
Nb3 Nd8 16. e4 Qxd1 17. Rxd1 e5 18. Nc5 Bc8 19. d4 exd4 20. e5 Bf5 21. Bxa8 Bxb1
22. Bf4 Ba2 23. Rxd4 Ne6 24. Nxe6 Bxe6 25. Bb7 Bc8 26. Bxc8 Rxc8 27. Rd6 Ra8 28.
Rc6 h5 29. e6 fxe6 30. Rxe6 Kf7 31. Rc6 Bf8 32. Bd2 Rd8 33. Bc3 Rd6 34. Rc7+ Ke6
35. Kf1 Be7 1/2-1/2

[Event "2nd Gideon Japhet Mem Op"]
[Site "Jerusalem ISR"]
[Date "2014.07.21"]
[Round "6.4"]
[White "Gruenfeld, Yehuda"]
[Black "Grinberg, Eyal"]
[Result "1-0"]
[WhiteTitle "GM"]
[WhiteElo "2449"]
[BlackElo "2201"]
[WhiteFideId "2800020"]
[BlackFideId "2806070"]
[EventDate "2014.07.16"]

1. e4 c5 2. Nf3 d6 3. d4 cxd4 4. Nxd4 Nf6 5. Nc3 a6 6. Bg5 Nbd7 7. Qe2 Qa5 8.
Bd2 Qb6 9. Nb3 Qc7 10. g4 h6 11. f4 g5 12. e5 dxe5 13. fxg5 hxg5 14. Bxg5 Rg8
15. h4 Nb6 16. Rg1 Nfd5 17. Ne4 Bd7 18. Nbc5 O-O-O 19. O-O-O f6 20. Bd2 e6 21.
Qf2 f5 22. Nxd7 Nxd7 23. gxf5 Rxg1 24. Qxg1 exf5 25. Nc3 Nxc3 26. Bxc3 e4 27.
Qg5 f4 28. Bh3 e3 29. Bg4 Bc5 30. Be5 Qa5 31. Qg7 Qa4 32. Rxd7 e2 33. Rxd8+ Kxd8
34. Bf6+ Ke8 35. Bh5# 1-0

[Event "2nd Gideon Japhet Mem Op"]
[Site "Jerusalem ISR"]
[Date "2014.07.21"]
[Round "6.5"]
[White "Kaspi, Alexander"]
[Black "Zaltz, Dov"]
[Result "1-0"]
[WhiteTitle "IM"]
[WhiteElo "2438"]
[BlackElo "2254"]
[WhiteFideId "2802910"]
[BlackFideId "2800578"]
[EventDate "2014.07.16"]

1. d4 Nf6 2. c4 g6 3. Nc3 Bg7 4. e4 d6 5. f3 O-O 6. Be3 c5 7. d5 e6 8. Nge2 exd5
9. cxd5 a6 10. a4 Nbd7 11. Ng3 Ne5 12. Be2 Bd7 13. h3 b5 14. f4 Nc4 15. Bxc4
bxc4 16. O-O Re8 17. Qc2 h5 18. e5 h4 19. Nge4 Nxe4 20. Nxe4 dxe5 21. Nd6 Bxa4
22. Rxa4 Qxd6 23. f5 e4 24. Qxc4 Qg3 25. Ra3 Bxb2 26. Rb3 Rab8 27. fxg6 fxg6 28.
d6+ Kh8 29. d7 Rf8 30. Rxf8+ Rxf8 31. Qxc5 Qe1+ 32. Kh2 Qg3+ 33. Kh1 Qe1+ 34.
Bg1 Rd8 35. Rxb2 Rxd7 1-0

[Event "2nd Gideon Japhet Mem Op"]
[Site "Jerusalem ISR"]
[Date "2014.07.21"]
[Round "6.6"]
[White "Gindi, Shachar"]
[Black "Battaglini, Gabriel"]
[Result "0-1"]
[BlackTitle "IM"]
[WhiteElo "2319"]
[BlackElo "2430"]
[WhiteFideId "2804182"]
[BlackFideId "621650"]
[EventDate "2014.07.16"]

1. Nf3 d5 2. c4 d4 3. e3 Nc6 4. b4 dxe3 5. fxe3 Nxb4 6. d4 e5 7. a3 Nc6 8. Be2
Nf6 9. O-O Bd6 10. Nc3 exd4 11. exd4 O-O 12. Bg5 h6 13. Bh4 Be7 14. d5 Nb8 15.
Qd4 Ng4 16. h3 Bxh4 17. Nxh4 Qxh4 18. hxg4 Nd7 19. Rf4 Qe7 20. Re4 Qd8 21. Bd3
Qf6 22. Qxf6 Nxf6 23. Re7 Bd7 24. Ne4 Nxe4 25. Bxe4 Rad8 26. Bf5 Bxf5 27. gxf5
Rc8 28. Rb1 b6 29. f6 gxf6 30. d6 cxd6 31. Rxa7 Rc6 32. Ra6 Rb8 33. Kf2 Rxc4 34.
Rbxb6 Rc2+ 35. Kf1 Re8 36. Rxd6 Ree2 37. Rxf6 Red2 38. Ke1 Rxg2 39. Kf1 Rgd2 40.
Ke1 Rh2 0-1

[Event "2nd Gideon Japhet Mem Op"]
[Site "Jerusalem ISR"]
[Date "2014.07.21"]
[Round "6.7"]
[White "Kali, Omer"]
[Black "Alexikov, Alexander"]
[Result "0-1"]
[BlackTitle "IM"]
[WhiteElo "2025"]
[BlackElo "2380"]
[WhiteFideId "2812436"]
[BlackFideId "14103958"]
[EventDate "2014.07.16"]

1. e4 g6 2. d4 Bg7 3. Nf3 d6 4. Nc3 c6 5. Be3 b5 6. Bd3 a6 7. Qd2 Nd7 8. Ne2 c5
9. c3 Bb7 10. Ng3 e5 11. O-O h5 12. h4 Ngf6 13. a4 c4 14. Bc2 Ng4 15. dxe5 Nxe3
16. Qxe3 dxe5 17. Rfd1 Qc7 18. b4 cxb3 19. Bxb3 Nc5 20. Ba2 Nxa4 21. Ng5 O-O 22.
Qf3 Qxc3 23. Bxf7+ Kh8 24. Qe2 Qc6 25. Rac1 Qf6 26. Rd7 Rac8 27. Rdc7 Bh6 28.
Nxh5 Qb6 29. Qb2 Nxb2 0-1

[Event "2nd Gideon Japhet Mem Op"]
[Site "Jerusalem ISR"]
[Date "2014.07.21"]
[Round "6.8"]
[White "Haimovich, Tal"]
[Black "Gershkowich, David"]
[Result "1-0"]
[WhiteTitle "IM"]
[BlackTitle "FM"]
[WhiteElo "2369"]
[BlackElo "2146"]
[WhiteFideId "2801698"]
[BlackFideId "2803356"]
[EventDate "2014.07.16"]

1. d4 Nf6 2. c4 c5 3. e3 g6 4. Nc3 Bg7 5. Nf3 O-O 6. d5 d6 7. Be2 e6 8. O-O exd5
9. cxd5 Bg4 10. h3 Bxf3 11. Bxf3 Nbd7 12. Qc2 Re8 13. b3 a6 14. a4 b6 15. Bb2 h5
16. Rad1 Rb8 17. Be2 Qc8 18. Rfe1 h4 19. Bf1 Bh6 20. f4 c4 21. bxc4 Qc5 22. Qf2
Nh5 23. Bd3 Ng3 24. Bc1 g5 25. Ne2 gxf4 26. exf4 Bg7 27. Nxg3 Bd4 28. Bh7+ Kxh7
29. Rxd4 Rxe1+ 30. Qxe1 Qxd4+ 31. Be3 Qf6 32. Ne4 Qe7 33. Qb1 Kg8 34. Bf2 Nf6
35. Ng5 Re8 36. Qxb6 Ne4 37. Nxe4 Qxe4 38. Qxd6 Qxc4 39. Bxh4 Re2 40. Qd8+ Kh7
41. Qg5 Qe4 42. Qh5+ Kg8 43. Qg4+ Kf8 44. Bf6 Re1+ 45. Kh2 Qg6 46. Qh4 Re8 47.
d6 1-0

[Event "2nd Gideon Japhet Mem Op"]
[Site "Jerusalem ISR"]
[Date "2014.07.21"]
[Round "6.9"]
[White "Zisman, Philip"]
[Black "Birnboim, Nathan"]
[Result "1-0"]
[BlackTitle "IM"]
[WhiteElo "2232"]
[BlackElo "2335"]
[WhiteFideId "2805197"]
[BlackFideId "2800209"]
[EventDate "2014.07.16"]

1. d4 Nf6 2. Bg5 d5 3. Bxf6 gxf6 4. e3 e6 5. c4 dxc4 6. Bxc4 Rg8 7. Ne2 Bd6 8.
Ng3 Nd7 9. Nc3 f5 10. d5 Qh4 11. Qe2 Nb6 12. Bb5+ Bd7 13. dxe6 fxe6 14. Bxd7+
Nxd7 15. O-O-O O-O-O 16. Nb5 Bc5 17. Nd4 Qe7 18. Qc2 Bb6 19. Kb1 Nf6 20. Nf3 Ng4
21. Rxd8+ Rxd8 22. h3 Nf6 23. Rd1 Rxd1+ 24. Qxd1 Qd6 25. Qxd6 cxd6 26. Kc2 Kd7
27. Kd3 Nd5 28. a3 Ne7 29. Nh5 Ng8 30. g4 fxg4 31. hxg4 Bd8 32. Nd2 Nf6 33.
Nxf6+ Bxf6 34. b3 d5 35. f4 Bb2 36. a4 Kd6 37. Nf3 Bf6 38. b4 e5 39. fxe5+ Bxe5
40. Ng5 Bf6 41. Nxh7 Be7 42. g5 Ke6 43. b5 Ke5 44. g6 Ke6 45. Kd4 Ba3 46. Ng5+
Kf6 47. Kxd5 Kxg6 48. Ne6 a6 49. Nc5 axb5 50. axb5 Bc1 51. e4 b6 52. Nd7 Be3 53.
Kc6 1-0

[Event "2nd Gideon Japhet Mem Op"]
[Site "Jerusalem ISR"]
[Date "2014.07.21"]
[Round "6.10"]
[White "Malisov, Boris"]
[Black "Kerner, Michael"]
[Result "1-0"]
[WhiteElo "2264"]
[BlackElo "2034"]
[WhiteFideId "2802503"]
[BlackFideId "2814064"]
[EventDate "2014.07.16"]

1. e4 c5 2. Nc3 Nc6 3. f4 g6 4. Nf3 Bg7 5. Bb5 Nd4 6. a4 Nxb5 7. axb5 d6 8. O-O
Nf6 9. d3 O-O 10. Qe1 e6 11. Qh4 Nh5 12. Qxd8 Rxd8 13. e5 Bf8 14. g4 Ng7 15. Ne4
Ne8 16. Bd2 b6 17. Ra2 a5 18. bxa6 Bxa6 19. Rfa1 Bb7 20. Kf2 d5 21. Ng3 Rxa2 22.
Rxa2 Ra8 23. Rxa8 Bxa8 24. d4 Ng7 25. c3 h5 26. gxh5 gxh5 27. f5 exf5 28. Bh6 f4
29. Bxf4 Be7 30. Bg5 Bxg5 31. Nxg5 h4 32. Nf1 cxd4 33. cxd4 Bc6 34. Nf3 Ne6 35.
Ke3 h3 36. Ng3 Bb5 37. Nh5 Kf8 38. Nf4 Nxf4 39. Kxf4 Ke7 40. Kg5 Bf1 41. Nh4 Ke6
42. Nf5 Bb5 43. Ng7+ Ke7 44. Nh5 Bf1 45. Nf4 Bg2 46. Kf5 b5 47. Kg4 f6 48. Nxh3
fxe5 49. dxe5 d4 50. Nf4 Be4 51. Kg3 b4 52. Kf2 Kf7 53. h4 Bf5 54. Ke2 Kg7 55.
Kd2 Kf7 56. Ne2 Kg6 57. Nxd4 Bd7 58. Ke3 Kh5 59. e6 Ba4 60. b3 Be8 61. Nf5 Kg6
62. Nd6 1-0

[Event "2nd Gideon Japhet Mem Op"]
[Site "Jerusalem ISR"]
[Date "2014.07.21"]
[Round "6.11"]
[White "Axelrod, Arie"]
[Black "Erenberg, Ariel"]
[Result "1/2-1/2"]
[WhiteTitle "FM"]
[WhiteElo "2285"]
[BlackElo "2131"]
[WhiteFideId "2804867"]
[BlackFideId "2811634"]
[EventDate "2014.07.16"]

1. e4 c5 2. Nf3 e6 3. c3 Nf6 4. Bd3 d5 5. e5 Nfd7 6. O-O Nc6 7. Bb5 Qc7 8. d4 a6
9. Ba4 Be7 10. Bc2 f6 11. exf6 Nxf6 12. Bg5 O-O 13. Nbd2 Bd6 14. dxc5 Bxc5 15.
Bh4 Bd6 16. Bg3 e5 17. c4 Nb4 18. Bb1 Bg4 19. cxd5 Nbxd5 20. Ne4 Rae8 21. Bc2
Bxf3 22. gxf3 Kh8 23. Nxd6 Qxd6 24. Bb3 Qc5 25. Rc1 Qa5 26. Re1 Nf4 27. Re3 Qb6
28. Qc2 N6h5 29. Rce1 Qf6 30. Qe4 b5 31. Rc3 Nh3+ 32. Kg2 N5f4+ 33. Kh1 Qg5 34.
Qe3 h5 35. Rc5 h4 36. Bxf4 Rxf4 37. Bd5 Ref8 38. Bc6 Qg6 39. Rf1 Rd4 40. Be4
Rxe4 41. fxe4 Rxf2 42. Qxh3 Rxf1+ 43. Qxf1 Qxe4+ 44. Kg1 Qg4+ 1/2-1/2

[Event "2nd Gideon Japhet Mem Op"]
[Site "Jerusalem ISR"]
[Date "2014.07.21"]
[Round "6.13"]
[White "Kraus, Yair"]
[Black "Gamayev, Oleg"]
[Result "0-1"]
[WhiteElo "2102"]
[BlackElo "2181"]
[WhiteFideId "2804786"]
[BlackFideId "2802813"]
[EventDate "2014.07.16"]

1. d4 Nf6 2. c4 e6 3. Nc3 d5 4. cxd5 exd5 5. Bg5 Be7 6. Qc2 c6 7. e3 h6 8. Bh4
O-O 9. Bd3 Re8 10. Nge2 Nbd7 11. O-O Nh5 12. Bxe7 Qxe7 13. Rae1 Ndf6 14. Kh1 g6
15. Ng1 Ng7 16. f3 Qd6 17. Qd2 Ngh5 18. Bc2 g5 19. Nge2 Be6 20. e4 dxe4 21. fxe4
Bc4 22. Rd1 Rad8 23. Qe3 Qxh2+ 24. Kxh2 Ng4+ 25. Kh3 Nxe3 26. Bb1 Nxf1 27. Rxf1
Rxd4 28. g4 Bxe2 29. Nxe2 Rd2 0-1

[Event "2nd Gideon Japhet Mem Op"]
[Site "Jerusalem ISR"]
[Date "2014.07.21"]
[Round "6.14"]
[White "Bakalchuk, Johnatan"]
[Black "Calabrese, Gabriel"]
[Result "1-0"]
[WhiteElo "2273"]
[BlackElo "2049"]
[WhiteFideId "2810301"]
[BlackFideId "2802350"]
[EventDate "2014.07.16"]

1. e4 c5 2. Nf3 e6 3. g3 d5 4. exd5 exd5 5. d4 Nf6 6. Bg2 Be7 7. O-O O-O 8. h3
Nc6 9. Be3 Ne4 10. dxc5 Bxc5 11. Bxc5 Nxc5 12. Nc3 d4 13. Ne2 d3 14. cxd3 Qxd3
15. Nf4 Qxd1 16. Rfxd1 Rb8 17. Rac1 b6 18. Nd3 Nxd3 19. Rxd3 Nb4 20. Rd4 a5 21.
a3 Na6 22. Ne5 Bf5 23. b4 axb4 24. axb4 Rbd8 25. Rxd8 Rxd8 26. Nc6 Re8 27. Ra1
Bd3 28. Ra3 Bc4 29. Rc3 Bb5 30. Nd4 Bd7 31. b5 Nc5 32. Ra3 Re1+ 33. Kh2 g6 34.
Ra8+ Kg7 35. Rb8 Rd1 36. Nc6 Na4 37. Rd8 Nc5 38. Ne5 f6 39. Nxd7 Rxd7 40. Rb8
Na4 41. Bc6 Rd2 42. Rb7+ Kh6 43. Kg2 Rd3 44. g4 Rb3 45. h4 f5 46. Bd5 Rb4 47.
Bg8 Rxg4+ 48. Kh3 g5 49. Rxh7+ Kg6 50. h5+ Kf6 51. f3 Rh4+ 52. Kg2 Nc3 53. Rh6+
Kg7 54. Rg6+ Kh8 55. Rxg5 Nxb5 56. Kg3 Rh1 57. Kf4 Nd4 58. Bd5 Rh3 59. Ke3 Nc2+
60. Kf2 f4 61. Rg8+ Kh7 62. Rg4 Rxh5 63. Be4+ Kh8 64. Bxc2 Rh2+ 65. Rg2 Rh1 66.
Ke2 b5 67. Rg4 Rh2+ 68. Kd3 Rf2 69. Rxf4 Kg7 70. Kc3 Re2 71. Bd3 Re1 72. Bxb5
Kg6 73. Bd3+ Kg7 74. Kd4 Re8 75. Be4 Re7 76. Rg4+ Kf6 77. f4 Ra7 78. Rg6+ Kf7
79. Rd6 Ra5 80. Rd5 Ra1 81. Ke5 Ke7 82. Rb5 Ra6 83. f5 Rh6 84. f6+ Ke8 85. Ke6
Kd8 86. Rb8+ Kc7 87. Rb7+ Kd8 88. Rh7 Rxh7 89. Bxh7 Ke8 90. f7+ Kf8 91. Bg8 Kg7
92. Ke7 Kh8 93. f8=R Kg7 94. Rf6 Kh8 95. Bh7 Kg7 96. Rg6+ Kh8 97. Rg8+ Kxh7 98.
Rg1 Kh6 99. Kf6 Kh5 100. Kf5 Kh4 101. Rg8 Kh3 102. Kf4 Kh2 103. Kf3 Kh1 104. Kf2 1-0